000 00888nam a2200253Ia 4500
999 _c53910
_d53910
001 20961
003 GE_BSU
005 20210630160021.0
008 181216s2016||||us |||||||||||||| ||eng||
020 _a9789385915475
040 _cGE_BSU
080 _a611(084.4) BD-13
245 _aBD Chaurasia's Human Anatomy Regional and Appliend Dissection and Clinical :
_b Lower Limb Abdomen And Pelvis. 2 /
_cChief Editor Krishna Garg.
250 _aSeventh edition
264 _aNew Delhi :
_bCBS Publishers &Distributors Pvt Ltd,
_c2016.
300 _a498 p. :
_bill,col. ;
_c27cm.
_e+1CD-Rom Volume 2
541 _h89gel. 25t.
653 _aBD Chaurasia's Human Anatomy 2
653 _aადამიანის ანატომია
653 _aანატომია
653 _aმედიცინა
700 _aGarg, Krishna
_eChief Editor
_99472
942 _cBK
_2udc